[Event "SR 2. liga A 2002/2003"]
[Site "?"]
[Date "2002.11.30"]
[Round "5.3"]
[White "Hartl, Jan"]
[Black "Bury, Rastislav"]
[Result "1-0"]
[WhiteElo "2154"]
[BlackElo "1984"]
[PlyCount "69"]
[EventDate "2002.??.??"]

1. e4 e5 2. Nf3 Nc6 3. Bc4 Nf6 4. d4 exd4 5. O-O Nxe4 6. Re1 d5 7. Bxd5 Qxd5 8.
Nc3 Qd8 9. Nxe4 Be7 10. Bg5 O-O 11. Bxe7 Qxe7 12. Nxd4 Nxd4 13. Qxd4 b6 14. Re3
Be6 15. Rg3 f6 16. Re1 Rad8 17. Qc3 Qf7 18. h3 Bd5 19. Kh2 c5 20. b3 Rd7 21.
Rge3 Bxe4 22. Rxe4 Rfd8 23. Qe3 Kf8 24. Re2 Rb7 25. f4 g6 26. g4 Kg7 27. Re6 h6
28. h4 Rd4 29. Kg3 Rbd7 30. g5 f5 31. Qe5+ Kh7 32. h5 R4d5 33. hxg6+ Qxg6 34.
Rxg6 Rxe5 35. Rxh6+ 1-0

[Event "SR 2. liga A 2002/2003"]
[Site "?"]
[Date "2002.11.30"]
[Round "5.3"]
[White "Kolman, Richard"]
[Black "Janos, Jozef"]
[Result "0-1"]
[WhiteElo "2139"]
[BlackElo "2185"]
[PlyCount "50"]
[EventDate "2002.??.??"]

1. d4 Nf6 2. Nf3 e6 3. Bg5 c5 4. c3 Qb6 5. Qb3 Nc6 6. e3 d5 7. Na3 c4 8. Qxb6
axb6 9. Nc2 Ne4 10. Bf4 b5 11. Ne5 f6 12. Nxc6 bxc6 13. f3 Nd6 14. Nb4 Bb7 15.
g4 g5 16. Bg3 h5 17. Bg2 h4 18. Bf2 Nf7 19. f4 Bd6 20. fxg5 h3 21. Bf3 Nxg5 22.
Ke2 e5 23. dxe5 fxe5 24. Bg3 Bxb4 25. Bxe5 Rf8 0-1

[Event "SR 2. liga A 2002/2003"]
[Site "?"]
[Date "2002.11.30"]
[Round "5.3"]
[White "Michal, Silvio"]
[Black "Szollos, Ondrej"]
[Result "1-0"]
[WhiteElo "2168"]
[BlackElo "2099"]
[PlyCount "105"]
[EventDate "2002.??.??"]

1. c4 c6 2. e4 d6 3. d4 Qc7 4. f4 e5 5. Nf3 Bg4 6. Be2 Nd7 7. Nc3 Ngf6 8. O-O
Be7 9. fxe5 dxe5 10. Nxe5 Nxe5 11. dxe5 Bxe2 12. Qxe2 Qxe5 13. Bf4 Qh5 14. Qc2
O-O 15. e5 Ng4 16. Qe2 Qg6 17. Ne4 Rfe8 18. Qf3 Bf8 19. Nd6 Rxe5 20. Nxb7 Rf5
21. Rad1 Ne5 22. Qc3 Qh5 23. Bxe5 Rxe5 24. Nd8 Bc5+ 25. Kh1 Rf5 26. Rfe1 Rc8
27. Re8+ Bf8 28. Qd4 Qg6 29. Qd7 Qf6 30. Kg1 Rb8 31. Rde1 g6 32. Nxc6 Rxe8 33.
Qxe8 Kg7 34. b4 Bxb4 35. Nxb4 Qb6+ 36. Qe3 Qxb4 37. Qd4+ Rf6 38. Rf1 Qd6 39.
Qc3 g5 40. c5 Qc6 41. g4 Kg6 42. Rxf6+ Qxf6 43. Qc2+ Kg7 44. c6 Qd4+ 45. Kf1
Qxg4 46. c7 Qc8 47. Qc5 h6 48. Kf2 Kg6 49. Qd6+ f6 50. Ke3 Kf7 51. Kd4 h5 52.
Kc5 h4 53. Qd8 1-0

[Event "SR 2. liga A 2002/2003"]
[Site "?"]
[Date "2002.11.30"]
[Round "5.3"]
[White "Minich, Peter"]
[Black "Bisco, Igor"]
[Result "0-1"]
[WhiteElo "2212"]
[BlackElo "2145"]
[PlyCount "64"]
[EventDate "2002.??.??"]

1. e4 e5 2. Nf3 Nc6 3. Bb5 Bd6 4. c4 Nf6 5. Nc3 O-O 6. O-O Nd4 7. d3 c6 8. Ba4
Bc7 9. Be3 d5 10. h3 Nxf3+ 11. Qxf3 d4 12. Bg5 dxc3 13. bxc3 Qd6 14. Bxf6 Qxf6
15. Qxf6 gxf6 16. g4 Be6 17. Kg2 Rfd8 18. Rfd1 Bb6 19. Kf1 Kf8 20. Ke2 Bc5 21.
f3 a6 22. h4 h6 23. h5 b5 24. cxb5 axb5 25. Bb3 Rac8 26. c4 bxc4 27. dxc4 Rxd1
28. Rxd1 Ke7 29. Kd3 Rd8+ 30. Kc3 Rxd1 31. Bxd1 Kd6 32. Bc2 Bf2 0-1

[Event "SR 2. liga A 2002/2003"]
[Site "?"]
[Date "2002.11.30"]
[Round "5.3"]
[White "Sochna, D."]
[Black "Kovacocy, Pavel"]
[Result "0-1"]
[WhiteElo "2223"]
[BlackElo "2244"]
[PlyCount "176"]
[EventDate "2002.??.??"]

1. Nf3 Nf6 2. c4 g6 3. Nc3 Bg7 4. e4 d6 5. d4 O-O 6. Be2 e5 7. dxe5 dxe5 8.
Qxd8 Rxd8 9. Bg5 Rf8 10. O-O-O Nbd7 11. Ne1 Nc5 12. f3 c6 13. Nc2 Be6 14. b4
Ncd7 15. Rd2 Rfc8 16. Rhd1 Bf8 17. Kb2 h6 18. Bh4 Be7 19. Bf2 Kf8 20. Be3 Kg7
21. g4 Nb6 22. Kb3 Rd8 23. a4 Rxd2 24. Rxd2 Ne8 25. a5 Nd7 26. Na4 Bg5 27. Kc3
Bxe3 28. Nxe3 Kf8 29. Nc2 c5 30. b5 a6 31. b6 Rc8 32. Na1 Ke7 33. Nb3 f6 34.
Nb2 Ng7 35. Nd1 Nb8 36. Ne3 Bd7 37. Nd5+ Kf7 38. Ra2 Ne6 39. Bd1 Nc6 40. Nc1
Ncd4 41. Nd3 Bc6 42. Ne3 Ke7 43. Kd2 Kd6 44. Ke1 Rh8 45. Kf2 h5 46. h3 hxg4 47.
hxg4 Ng5 48. Ne1 Nh3+ 49. Kg2 Nf4+ 50. Kg1 Bd7 51. Rd2 Be6 52. N1g2 Nh3+ 53.
Kf1 Ng5 54. Kg1 Rh3 55. Kf2 Ngxf3 56. Bxf3 Rxf3+ 57. Ke1 Rh3 58. Kf2 Rh1 59.
Ne1 Bd7 60. Nd5 Bxg4 61. Nxf6 Rh2+ 62. Ke3 Re2+ 63. Rxe2 Bxe2 64. Nd3 Bxd3 65.
Kxd3 Nb3 66. Kc3 Nxa5 67. Nd5 Nc6 68. Kb3 Nb4 69. Ne3 Nd3 70. Nd5 Nf2 71. Nc3
Kc6 72. Kc2 Kxb6 73. Kd2 Kc6 74. Ke2 Nh3 75. Kf3 Nf4 76. Kg4 b5 77. Kg5 b4 78.
Na4 b3 79. Nb2 Kd6 80. Kf6 a5 81. Kf7 Ne2 82. Na4 Ng3 83. Kxg6 Nxe4 84. Kf5 Nd2
85. Nb2 a4 86. Nxa4 Nxc4 87. Nc3 Nd2 88. Nd1 Kd5 0-1

[Event "SR 2. liga A 2002/2003"]
[Site "?"]
[Date "2002.11.30"]
[Round "5.4"]
[White "Chovanec, Vladimir"]
[Black "Sukuba, Zdeno"]
[Result "1/2-1/2"]
[WhiteElo "2038"]
[BlackElo "2108"]
[PlyCount "100"]
[EventDate "2002.??.??"]

1. e4 d5 2. exd5 Nf6 3. d4 Nxd5 4. c4 Nf6 5. Nc3 g6 6. Be2 Bg7 7. Nf3 c6 8. O-O
O-O 9. Ne5 Nbd7 10. f4 c5 11. Be3 cxd4 12. Bxd4 Nxe5 13. Bxe5 Nd7 14. Bxg7 Kxg7
15. Qd4+ Nf6 16. Rad1 Qxd4+ 17. Rxd4 Be6 18. Rfd1 Rac8 19. b3 a6 20. Bf3 Rc7
21. Ne4 Bg4 22. Kf2 Bxf3 23. Kxf3 Rb8 24. b4 b6 25. Nxf6 Kxf6 26. Ke4 Rbb7 27.
R1d2 Rc6 28. Rc2 Rbc7 29. h3 g5 30. fxg5+ Kxg5 31. Rd5+ Kf6 32. c5 e6 33. Re5
Rd7 34. Rb2 Rd1 35. Rf2+ Ke7 36. Rh5 f5+ 37. Ke3 bxc5 38. Rxh7+ Kd6 39. bxc5+
Rxc5 40. Rb2 Ke5 41. Rg7 Ra5 42. Rc7 f4+ 43. Kf2 Rd4 44. Re2+ Re4 45. Rd2 Rea4
46. Rcc2 Ra3 47. Re2+ Kf5 48. Kf1 e5 49. Red2 Kg5 50. Kg1 Kf5 1/2-1/2

[Event "SR 2. liga A 2002/2003"]
[Site "?"]
[Date "2002.11.30"]
[Round "5.4"]
[White "Hecko, Dusan"]
[Black "Seitler, Andrej"]
[Result "1/2-1/2"]
[WhiteElo "2168"]
[BlackElo "2149"]
[PlyCount "51"]
[EventDate "2002.??.??"]

1. e4 c6 2. d4 d5 3. exd5 cxd5 4. Bd3 Nf6 5. c3 Nc6 6. Bf4 Bg4 7. Qb3 Qd7 8.
Nd2 e6 9. Ngf3 a6 $2 ({Fritz kniznica} 9... Bxf3 10. Nxf3 Bd6 11. Bxd6 Qxd6 12.
O-O) (9... Bd6 10. Bg3 Bxf3 11. Nxf3 Bxg3 12. hxg3 a6 13. Kf1 Qc7 14. Re1 Na5
15. Qc2 Nc4 16. Kg1 h6 17. b3 Na5 18. c4 Nc6 19. c5 Rd8 20. a3 Rd7) 10. O-O
Bxf3 11. Nxf3 Be7 12. Ne5 Qc8 13. Rfe1 O-O 14. Rad1 Nd7 15. Nxc6 Qxc6 16. c4
Nf6 17. cxd5 Nxd5 18. Be4 Qd7 19. Bxd5 exd5 20. Rc1 Rac8 21. Qd3 Rxc1 22. Rxc1
Rc8 23. Rxc8+ Qxc8 24. b3 Bf6 25. h3 g6 26. g4 1/2-1/2

[Event "SR 2. liga A 2002/2003"]
[Site "?"]
[Date "2002.11.30"]
[Round "5.4"]
[White "Kubovic, Ladislav"]
[Black "Eged, Igor"]
[Result "0-1"]
[WhiteElo "2147"]
[BlackElo "2076"]
[PlyCount "104"]
[EventDate "2002.??.??"]

1. e4 e6 2. d4 d5 3. exd5 exd5 4. Bf4 Bd6 5. Bxd6 Qxd6 6. c3 Ne7 7. Nf3 O-O 8.
Bd3 Bf5 9. O-O Nd7 10. Na3 c6 11. Re1 Bxd3 12. Qxd3 Rfe8 13. Nc2 Qg6 14. Qd2 f6
15. Ne3 Nf5 16. Nxf5 Qxf5 17. h3 Re4 18. Rxe4 dxe4 19. Qc2 Qe6 20. Re1 Re8 21.
Qa4 a6 22. Qb4 b5 23. Qa3 Nb8 24. Nd2 f5 25. Nf3 Qd5 26. Ne5 c5 27. Nf3 Rc8 28.
Nh4 g5 29. c4 bxc4 30. Qg3 f4 31. Qg4 Rf8 32. dxc5 Kh8 33. Rd1 Qxc5 34. Qh5 Kg7
35. Kh1 Qe5 36. Qg4 Kh8 37. Nf5 Qxf5 38. Qxf5 Rxf5 39. Rd8+ Kg7 40. Rxb8 Rb5
41. Rc8 Rxb2 42. Rxc4 Rxf2 43. Rxe4 Rxa2 44. Kg1 Kf6 45. Rc4 Kg6 46. Rc7 a5 47.
Ra7 a4 48. Kf1 a3 49. Ra5 Ra1+ 50. Kf2 a2 51. Ra7 h5 52. Ra5 g4 0-1

[Event "SR 2. liga A 2002/2003"]
[Site "?"]
[Date "2002.11.30"]
[Round "5.4"]
[White "Sarmir, Milos"]
[Black "Horak, Ivan"]
[Result "0-1"]
[WhiteElo "2149"]
[BlackElo "2198"]
[PlyCount "108"]
[EventDate "2002.??.??"]

1. e4 c5 2. Nf3 d6 3. d4 cxd4 4. Nxd4 Nf6 5. Bd3 g6 6. O-O Bg7 7. c3 O-O 8. Nd2
Bd7 9. N2f3 Nc6 10. Nxc6 Bxc6 11. Qc2 b6 12. h3 Rc8 13. Be3 Qc7 14. Nd4 Rfd8
15. Nxc6 Qxc6 16. Rad1 Nd7 17. f3 Nc5 18. Be2 d5 19. exd5 Rxd5 20. Bc4 Rxd1 21.
Rxd1 b5 22. Bd5 Qc7 23. a3 e6 24. Ba2 Na4 25. Qf2 Bf8 26. Bb3 Nc5 27. Bc2 a5
28. Qh4 Be7 29. Qf4 e5 30. Qg4 Rd8 31. f4 Rxd1+ 32. Bxd1 Nd3 33. Qe2 e4 34. Bb3
Bc5 35. Bxc5 Qxc5+ 36. Kh1 Nc1 37. Qd1 Nxb3 38. Qxb3 e3 39. Qd1 Qc4 40. Qd8+
Kg7 41. Qd6 Qe4 42. Qd1 e2 43. Qe1 a4 44. Kg1 Qe3+ 45. Kh1 Kf6 46. Qh4+ Ke6 47.
Qe1 h5 48. g3 h4 49. gxh4 Qxh3+ 50. Kg1 Qe3+ 51. Kg2 Kf5 52. Qb1+ Kg4 53. Qe1
Qf3+ 54. Kg1 Qg3+ 0-1

[Event "SR 2. liga A 2002/2003"]
[Site "?"]
[Date "2002.11.30"]
[Round "5.4"]
[White "Skreno, Vladimir"]
[Black "Lukac, Roman"]
[Result "1-0"]
[WhiteElo "2116"]
[BlackElo "2151"]
[PlyCount "79"]
[EventDate "2002.??.??"]

1. d4 Nf6 2. Nf3 g6 3. c4 Bg7 4. Nc3 O-O 5. e4 d6 6. Be2 e5 7. O-O Nc6 8. d5
Ne7 9. Ne1 h6 10. Be3 g5 11. g4 Ng6 12. Nd3 Bd7 13. f3 Ne8 14. c5 Bf6 15. a4
Kg7 16. Bf2 Rh8 17. Kg2 dxc5 18. Bxc5 h5 19. h3 Be7 20. Bf2 Bd6 21. Rh1 Qe7 22.
Qb3 Bc8 23. Rag1 Nf6 24. Nd1 Nf4+ 25. Nxf4 exf4 26. Bd4 hxg4 27. hxg4 Rxh1 28.
Rxh1 Be5 29. Qc3 Nd7 30. Bb5 Bxd4 31. Qxd4+ Qe5 32. Qg1 Kf8 33. Rh7 a6 34. Bc4
b5 35. axb5 axb5 36. Bxb5 Rb8 37. Bc4 Nf6 38. Rh6 Kg7 39. Qh2 Rxb2+ 40. Nf2 {
time} 1-0

[Event "SR 2. liga A 2002/2003"]
[Site "?"]
[Date "2002.11.30"]
[Round "5.4"]
[White "Toth_Vano, Peter"]
[Black "Janos, Ivan"]
[Result "1/2-1/2"]
[WhiteElo "2103"]
[BlackElo "2137"]
[PlyCount "119"]
[EventDate "2002.??.??"]

1. e4 c5 2. Nf3 Nc6 3. Bb5 Nd4 4. Nxd4 cxd4 5. c3 a6 6. Ba4 e5 7. cxd4 exd4 8.
O-O Bc5 9. d3 Ne7 10. Qh5 Ba7 11. Nd2 O-O 12. Bb3 Bb8 13. Nf3 d5 14. exd5 Qd6
15. Nxd4 Bg4 16. Qh4 Ng6 17. Qg3 Qd7 18. f4 Ba7 19. Be3 Rfe8 20. Rae1 Rxe3 21.
Qxe3 Nh4 22. Qe7 Bxd4+ 23. Kh1 Bf6 24. Qxd7 Bxd7 25. Rc1 Bd8 26. Rfe1 Nf5 27.
g4 Nd6 28. f5 h5 29. h3 hxg4 30. hxg4 Kf8 31. Rc2 Bb6 32. Rh2 Kg8 33. Rf1 Rd8
34. Kg2 Bd4 35. Kf3 Bf6 36. Re1 g6 37. fxg6 fxg6 38. Rh6 Kf7 39. Re2 Rf8 40.
Rhh2 Bg7 41. Kg3 Re8 42. Rhf2+ Kg8 43. Rxe8+ Bxe8 44. Rc2 Be5+ 45. Kf3 Kg7 46.
Re2 Bd4 47. Re6 Bc5 48. d4 Bb4 49. a3 Bf7 50. axb4 Bxe6 51. dxe6 Kf6 52. Kf4
g5+ 53. Ke3 b6 54. Ba2 Ke7 55. d5 Kf6 56. Bb1 Ke5 57. Bg6 Nc8 58. Bf7 Ne7 59.
d6 Kxd6 60. Ke4 1/2-1/2

[Event "SR 2. liga A 2002/2003"]
[Site "?"]
[Date "2002.11.30"]
[Round "5.5"]
[White "Faltan, Peter"]
[Black "Labar, Eduard"]
[Result "1/2-1/2"]
[WhiteElo "2148"]
[BlackElo "2064"]
[PlyCount "28"]
[EventDate "2002.??.??"]

1. d4 d5 2. c4 e6 3. Nf3 Nf6 4. Bg5 Be7 5. Nc3 c6 6. e3 Nbd7 7. Rc1 O-O 8. Be2
Ne8 9. Bxe7 Qxe7 10. O-O Ndf6 11. Ne5 Nd6 12. c5 Nde4 13. f3 Nxc3 14. bxc3 Nd7
1/2-1/2

[Event "SR 2. liga A 2002/2003"]
[Site "?"]
[Date "2002.11.30"]
[Round "5.5"]
[White "Kubis, Ivan"]
[Black "Gasa, Andrej"]
[Result "1/2-1/2"]
[WhiteElo "2105"]
[BlackElo "2167"]
[PlyCount "65"]
[EventDate "2002.??.??"]

1. e4 c5 2. Nf3 d6 3. d4 cxd4 4. Nxd4 Nf6 5. Nc3 g6 6. Be3 Bg7 7. f3 O-O 8. Qd2
Nc6 9. Bc4 Bd7 10. O-O-O Re8 11. h4 Ne5 12. Bb3 Rc8 13. Kb1 Nc4 14. Bxc4 Rxc4
15. h5 Qa5 16. Nb3 Qa6 17. hxg6 fxg6 18. Bd4 Be6 19. g4 Rec8 20. g5 Nh5 21.
Bxg7 Nxg7 22. Rh2 b5 23. Qe3 Bf7 24. Rdh1 Nh5 25. f4 e6 26. f5 exf5 27. exf5
Re8 28. Qf3 Rf4 29. Qd3 Bc4 30. Qd2 Rxf5 31. Nd4 Rfe5 32. b3 Bf7 33. Ndxb5
1/2-1/2

[Event "SR 2. liga A 2002/2003"]
[Site "?"]
[Date "2002.11.30"]
[Round "5.5"]
[White "Kuna, Vladimir"]
[Black "Mynar, Martin"]
[Result "1/2-1/2"]
[WhiteElo "2159"]
[BlackElo "2119"]
[PlyCount "50"]
[EventDate "2002.??.??"]

1. d4 Nf6 2. Nf3 e6 3. Bg5 d5 4. c4 c6 5. Nc3 Nbd7 6. e3 Be7 7. Rc1 a5 8. Qc2
O-O 9. Bd3 Re8 10. O-O h6 11. Bh4 Nh5 12. Bxe7 Qxe7 13. Ne5 dxc4 14. Bxc4 Nhf6
15. Ne4 Nd5 16. Nxd7 Qxd7 17. Nc5 Qe7 18. a3 e5 19. Bxd5 cxd5 20. dxe5 Qxe5 21.
Qc3 Qg5 22. Nd3 Bd7 23. Nf4 Bc6 24. Rfd1 Re4 25. g3 Qf5 1/2-1/2

[Event "SR 2. liga A 2002/2003"]
[Site "?"]
[Date "2002.11.30"]
[Round "5.5"]
[White "Mihalik, Marek"]
[Black "Hanzluvka, Peter"]
[Result "1-0"]
[WhiteElo "2090"]
[BlackElo "2127"]
[PlyCount "91"]
[EventDate "2002.??.??"]

1. d4 Nf6 2. c4 e6 3. Nc3 Bb4 4. Nf3 b6 5. Bg5 Bb7 6. e3 h6 7. Bh4 Be7 8. Bd3
d5 9. cxd5 Nxd5 10. Bxe7 Qxe7 11. Nxd5 Bxd5 12. O-O O-O 13. e4 Bb7 14. Rc1 Rc8
15. Bb1 Nd7 16. Qd3 Nf8 17. Rfd1 Rd8 18. Rd2 Rac8 19. h3 Ng6 20. Qe3 Rd7 21. e5
Nf8 22. Be4 Bd5 23. Bxd5 Rxd5 24. Rc6 Nd7 25. Rdc2 Nb8 26. R6c3 Na6 27. a3 Nb8
28. Nd2 Qd7 29. Ne4 Kh7 30. Nd6 Rxd6 31. exd6 Qxd6 32. Qe4+ f5 33. Qe5 Qxe5 34.
dxe5 c5 35. Rd2 Nc6 36. f4 Rc7 37. Rd6 Kg8 38. b4 Kf7 39. bxc5 Na5 40. cxb6
Rxc3 41. bxa7 Rc8 42. Ra6 Ra8 43. Rxa5 g5 44. g3 h5 45. fxg5 Kg6 46. h4 1-0

[Event "SR 2. liga A 2002/2003"]
[Site "?"]
[Date "2002.11.30"]
[Round "5.5"]
[White "Miklas, Marian"]
[Black "Gajarsky, Roman"]
[Result "1-0"]
[WhiteElo "2175"]
[BlackElo "2051"]
[PlyCount "86"]
[EventDate "2002.??.??"]

1. c4 e5 2. g3 c5 3. Bg2 Nc6 4. Nc3 Nf6 5. e3 Ne7 6. d4 exd4 7. exd4 d5 8. Nge2
dxc4 9. O-O Be6 10. Bg5 h6 11. Bxf6 gxf6 12. d5 Bf5 13. Qa4+ Qd7 14. Qxc4 Nc8
15. Rfe1 Be7 16. Rad1 O-O 17. d6 Bxd6 18. Nd5 Kg7 19. Qh4 Qd8 20. Ndc3 Bg6 21.
Nb5 a6 22. Nxd6 Qxd6 23. Nf4 Qc7 24. Nh5+ Bxh5 25. Qxh5 Ne7 26. Qg4+ Ng6 27.
Rd7 Qa5 28. Red1 c4 29. Be4 Qg5 30. Qe2 Rae8 31. Qc2 Ne5 32. f4 Qg4 33. fxe5
Rxe5 34. R1d4 Rfe8 35. Rxf7+ Kxf7 36. Bd5+ Rxd5 37. Rxg4 f5 38. Qxc4 Red8 39.
Rd4 Ke6 40. Rxd5 Rxd5 41. Kf2 Kd6 42. Qf4+ Kc5 43. Qxh6 a5 1-0

[Event "SR 2. liga A 2002/2003"]
[Site "?"]
[Date "2002.11.30"]
[Round "5.5"]
[White "Srna, Jan"]
[Black "Syrovy, Ivan"]
[Result "0-1"]
[WhiteElo "2073"]
[BlackElo "2071"]
[PlyCount "65"]
[EventDate "2002.??.??"]

1. d4 Nf6 2. h4 d6 3. Bf4 c6 4. c3 Nbd7 5. Nf3 Qc7 6. e3 e5 7. Bg3 Be7 8. Nbd2
Ng4 9. Ng5 Ndf6 10. Be2 h6 11. Nge4 Be6 12. Nxf6+ Nxf6 13. dxe5 dxe5 14. Qc2
O-O-O 15. a3 Nd7 16. e4 Rhf8 17. f3 f5 18. Bf2 Bc5 19. Bxc5 Nxc5 20. b4 Nd7 21.
O-O-O fxe4 22. Nxe4 Nb6 23. c4 Rd4 24. Rxd4 exd4 25. c5 Qf4+ 26. Kb2 Nd5 27.
Bd3 Ne3 28. Nd6+ Kb8 29. Qe2 Qe5 30. Rb1 Qg3 31. b5 Bd5 32. bxc6 Bxc6 33. Ba6
0-1

[Event "SR 2. liga A 2002/2003"]
[Site "?"]
[Date "2002.11.30"]
[Round "5.6"]
[White "Ac, Alexander"]
[Black "Zacik, Anton"]
[Result "1/2-1/2"]
[WhiteElo "2096"]
[BlackElo "2113"]
[PlyCount "33"]
[EventDate "2002.??.??"]

1. e4 c5 2. c4 Nc6 3. Nf3 d6 4. d4 cxd4 5. Nxd4 g6 6. Nc3 Bg7 7. Be3 Nf6 8. Be2
Nxd4 9. Bxd4 O-O 10. O-O Bd7 11. f4 Bc6 12. Bf3 Nd7 13. Nd5 Bxd5 14. cxd5 Bxd4+
15. Qxd4 Qb6 16. Qxb6 axb6 17. Rac1 1/2-1/2

[Event "SR 2. liga A 2002/2003"]
[Site "?"]
[Date "2002.11.30"]
[Round "5.6"]
[White "Duris, Ivan"]
[Black "Kebis, Milos"]
[Result "0-1"]
[WhiteElo "2023"]
[BlackElo "2015"]
[PlyCount "76"]
[EventDate "2002.??.??"]

1. e4 g6 2. d4 Bg7 3. f4 d6 4. Be3 Nf6 5. Nc3 O-O 6. h3 c5 7. dxc5 Qa5 8. Bd2
dxc5 9. Bd3 Nc6 10. e5 Ne8 11. Nf3 Be6 12. Ng5 Bd7 13. Bc4 Nd4 14. Nd5 Qd8 15.
O-O Bc6 16. Nc3 h6 17. Nxf7 Rxf7 18. Bxf7+ Kxf7 19. Be3 e6 20. Bxd4 cxd4 21.
Ne2 Qd5 22. Rf2 Rd8 23. Qd2 Bf8 24. Nc1 Ng7 25. Nd3 Nf5 26. Nb4 Bxb4 27. Qxb4
Ne3 28. Qd2 Nf5 29. Rd1 Rd7 30. b3 h5 31. Kh2 h4 32. Rf3 Qc5 33. Rd3 Be4 34.
Rc3 Qb6 35. Rc4 Bd5 36. Rc8 Bc6 37. Qf2 Qc5 38. Rd2 Qd5 0-1

[Event "SR 2. liga A 2002/2003"]
[Site "?"]
[Date "2002.11.30"]
[Round "5.6"]
[White "Fidericky, Milan"]
[Black "Pusec, Pavel"]
[Result "0-1"]
[WhiteElo "1806"]
[BlackElo "2117"]
[PlyCount "60"]
[EventDate "2002.??.??"]

1. d4 d5 2. c4 e6 3. Nc3 f5 4. Nf3 Nf6 5. Bg5 Be7 6. e3 c6 7. Rc1 Nbd7 8. Bd3
Ne4 9. Bxe7 Qxe7 10. O-O O-O 11. Qc2 Kh8 12. Ne2 g5 13. Nd2 Ndf6 14. f3 Nxd2
15. Qxd2 e5 16. cxd5 e4 17. fxe4 fxe4 18. Bc2 cxd5 19. Bb3 Be6 20. Nc3 Ng4 21.
h3 Nf6 22. Qe1 g4 23. Qh4 gxh3 24. gxh3 Rg8+ 25. Kh1 Rg6 26. Ne2 Rag8 27. Nf4
Rg3 28. Rce1 R8g5 29. Qh6 Bxh3 30. Nxh3 Rh5 0-1

[Event "SR 2. liga A 2002/2003"]
[Site "?"]
[Date "2002.11.30"]
[Round "5.6"]
[White "Kollarik, Gorazd"]
[Black "Puskas, Miroslav"]
[Result "1/2-1/2"]
[WhiteElo "1820"]
[BlackElo "2142"]
[PlyCount "38"]
[EventDate "2002.??.??"]

1. d4 Nf6 2. c4 g6 3. Nc3 Bg7 4. e4 d6 5. Nf3 O-O 6. Be2 c5 7. d5 Nbd7 8. O-O
a5 9. Rb1 b6 10. b3 Ne8 11. Bb2 Nc7 12. Na4 Rb8 13. Bxg7 Kxg7 14. Nc3 Ba6 15.
a4 Ne8 16. Bd3 e5 17. Qd2 h6 18. Ne1 g5 19. g3 Rg8 1/2-1/2

[Event "SR 2. liga A 2002/2003"]
[Site "?"]
[Date "2002.11.30"]
[Round "5.6"]
[White "Sekera, Branislav"]
[Black "Kovarik, Oto"]
[Result "0-1"]
[WhiteElo "2128"]
[BlackElo "2103"]
[PlyCount "134"]
[EventDate "2002.??.??"]

1. d4 d5 2. c4 e6 3. Nf3 Nf6 4. Bg5 Be7 5. Nc3 O-O 6. e3 b6 7. Bxf6 Bxf6 8.
cxd5 exd5 9. Bd3 Bb7 10. O-O c5 11. dxc5 bxc5 12. Rc1 Nd7 13. Bb1 Nb6 14. Qc2
g6 15. Rfd1 Qe8 16. b3 Rc8 17. Ne2 Qe6 18. Ng3 Rfe8 19. Qd2 h5 20. Qa5 h4 21.
Ne2 d4 22. Nf4 Qd6 23. Nh3 Bxf3 24. gxf3 Nd5 25. Be4 Re7 26. exd4 Nf4 27. Nxf4
Qxf4 28. Rxc5 Rce8 29. Bc6 Rf8 30. Qd2 Qd6 31. Rc4 Rd8 32. d5 Re5 33. h3 Rf5
34. f4 Bg7 35. Re1 Bh6 36. Ree4 Qf6 37. b4 Kh7 38. Qd4 Rd6 39. Qxf6 Rdxf6 40.
Re7 Bxf4 41. Re2 Kg7 42. Kg2 Rg5+ 43. Kh1 Rgf5 44. b5 Bd6 45. Rcc2 Rg5 46. Rc3
Rf4 47. Rd3 Rc4 48. Rde3 Bc5 49. Re4 Rc3 50. Rxh4 Rc1+ 51. Kh2 f5 52. Ra4 Rgg1
53. f4 Rh1+ 54. Kg3 Rc3+ 55. Kg2 Rcxh3 56. d6 Bxd6 57. Rxa7+ Kf6 58. Ra4 g5 59.
fxg5+ Kxg5 60. Rc4 Bf4 61. Kf2 Bg3+ 62. Ke3 Be5+ 63. Kd2 R1h2 64. Kc2 Bf4 65.
Kd1 Rd3+ 66. Ke1 Kg4 67. Kf1 Rd1+ 0-1

[Event "SR 2. liga A 2002/2003"]
[Site "?"]
[Date "2002.11.30"]
[Round "5.6"]
[White "Vychodil, Michal"]
[Black "Mikulas, Dusan"]
[Result "1-0"]
[WhiteElo "2154"]
[BlackElo "2078"]
[PlyCount "63"]
[EventDate "2002.??.??"]

1. e4 e5 2. d4 exd4 3. Qxd4 Nc6 4. Qe3 d6 5. Nc3 g6 6. Bd2 Bg7 7. O-O-O Qf6 8.
Qg3 Be6 9. a3 h6 10. Bb5 a6 11. Bxc6+ bxc6 12. f4 Ne7 13. Nf3 Nc8 14. e5 Qe7
15. Nd4 dxe5 16. Nxc6 Qc5 17. Nxe5 O-O 18. Rhe1 Ne7 19. Ne4 Qb6 20. Bc3 Rab8
21. Qf3 Nd5 22. h3 Rfd8 23. g4 Qb5 24. Ng3 Bxe5 25. Rxe5 Qc4 26. Rd4 Qa2 27. f5
c5 28. fxe6 cxd4 29. Qxf7+ Kh8 30. Bxd4 Qa1+ 31. Kd2 Nc3 32. Rd5# 1-0

[Event "SR 2. liga A 2002/2003"]
[Site "?"]
[Date "2002.11.30"]
[Round "5.7"]
[White "Hrncar, Lubomir"]
[Black "Antala, Jan"]
[Result "0-1"]
[WhiteElo "2011"]
[BlackElo "1904"]
[PlyCount "119"]
[EventDate "2002.??.??"]

1. e4 d5 2. exd5 Nf6 3. d4 Qxd5 4. Nf3 Bg4 5. Be2 Nc6 6. c3 O-O-O 7. O-O Qh5 8.
Qa4 Kb8 9. Bf4 Qf5 10. Bg3 g5 11. h3 Bh5 12. Qb5 Qxb5 13. Bxb5 Bxf3 14. gxf3
Nd5 15. Bxc6 bxc6 16. Re1 h5 17. h4 Rg8 18. hxg5 Rxg5 19. Re5 f5 20. Kf1 Bg7
21. Bh4 Bxe5 22. Bxg5 Bf4 23. Bh4 Bc1 24. a4 Bxb2 25. Ra2 Bxc3 26. Nxc3 Nxc3
27. Rb2+ Kc8 28. Rc2 Rxd4 29. Bxe7 Nd5 30. Bg5 Rxa4 31. Rxc6 Kb7 32. Rh6 a5 33.
Rxh5 Kc6 34. Be3 Nf4 35. Bxf4 Rxf4 36. Ke2 Kd5 37. Ke3 Ke5 38. Rh7 Rc4 39. f4+
Rxf4 40. Rxc7 Re4+ 41. Kf3 a4 42. Rc5+ Kf6 43. Ra5 Kg5 44. Kg3 Rg4+ 45. Kf3 Rb4
46. Kg3 Rb3+ 47. f3 a3 48. Ra4 Kf6 49. Kf4 Ke6 50. Ra6+ Kd5 51. Ra5+ Kc4 52.
Rxf5 Rb4 53. Ra5 Kb3+ 54. Ke5 Ra4 55. Rb5+ Kc4 56. Rb1 Ra5+ 57. Ke6 Kd4 58. f4
a2 59. Ra1 Ke4 60. f5 0-1

[Event "SR 2. liga A 2002/2003"]
[Site "?"]
[Date "2002.11.30"]
[Round "5.7"]
[White "Janecek, Jan"]
[Black "Mandak, Miroslav"]
[Result "0-1"]
[WhiteElo "1982"]
[BlackElo "2082"]
[PlyCount "100"]
[EventDate "2002.??.??"]

1. d4 Nf6 2. Nf3 g6 3. e3 Bg7 4. c4 O-O 5. Be2 d6 6. Nc3 Nbd7 7. e4 e5 8. dxe5
dxe5 9. Qc2 c6 10. h3 Qe7 11. Be3 Re8 12. Nh2 Nf8 13. Ng4 Nh5 14. Nh6+ Bxh6 15.
Bxh6 Nf4 16. Bf3 N8e6 17. Bxf4 Nxf4 18. O-O-O Be6 19. Ne2 Nxe2+ 20. Qxe2 f6 21.
Kb1 Red8 22. Qc2 c5 23. Rxd8+ Rxd8 24. Rd1 Rxd1+ 25. Bxd1 Qd7 26. Be2 Kg7 27.
Bd3 Qd4 28. Qe2 a6 29. a4 b6 30. b3 a5 31. Bc2 f5 32. f3 f4 33. Kc1 Kh6 34. Qd2
Kh5 35. Qxd4 cxd4 36. Kd2 Kh4 37. Ke2 Kg3 38. Kf1 h5 39. Bd3 g5 40. Be2 Bd7 41.
Kg1 Bc6 42. Bd3 Be8 43. Kf1 g4 44. hxg4 hxg4 45. fxg4 f3 46. gxf3 Kxf3 47. g5
Ke3 48. Bc2 d3 49. Bd1 Kxe4 50. Kf2 Kd4 0-1

[Event "SR 2. liga A 2002/2003"]
[Site "?"]
[Date "2002.11.30"]
[Round "5.7"]
[White "Nicolini, Alexander"]
[Black "Slamena, Michal"]
[Result "1-0"]
[WhiteElo "2100"]
[BlackElo "1768"]
[PlyCount "39"]
[EventDate "2002.??.??"]

1. e4 e5 2. Nf3 Nc6 3. d4 exd4 4. Nxd4 Qf6 5. Be3 Bc5 6. c3 Nge7 7. Bc4 O-O 8.
O-O Ne5 9. Be2 d5 10. f4 N5g6 11. e5 Qb6 12. b4 Bxd4 13. Bxd4 Qe6 14. g4 Nh8
15. f5 Qd7 16. f6 gxf6 17. exf6 Nc6 18. Qd2 Nd8 19. Qh6 Ne6 20. Rf5 1-0

[Event "SR 2. liga A 2002/2003"]
[Site "?"]
[Date "2002.11.30"]
[Round "5.7"]
[White "Pobjecky, Ivan"]
[Black "Karlik, Lubomir"]
[Result "1-0"]
[WhiteElo "2005"]
[BlackElo "1797"]
[PlyCount "93"]
[EventDate "2002.??.??"]

1. e4 c5 2. Nf3 e6 3. d4 cxd4 4. Nxd4 a6 5. Be2 Nf6 6. f3 d5 7. e5 Nfd7 8. f4
Bc5 9. Nb3 Ba7 10. Qd3 Qb6 11. Qg3 O-O 12. Nc3 Nc6 13. Bd2 Qc7 14. O-O-O b5 15.
Bd3 Bb7 16. Kb1 Rfd8 17. Rhe1 Rac8 18. Rc1 Nb6 19. Qh4 g6 20. Re3 Nc4 21. Rh3
Nxd2+ 22. Nxd2 h5 23. g4 Qe7 24. Qg3 hxg4 25. Qxg4 Kg7 26. Nf3 Rg8 27. Rg3 Kf8
28. Ng5 Rh8 29. Bxg6 fxg6 30. Nxe6+ Ke8 31. Nxd5 Nxe5 32. Nxe7 Nxg4 33. Nxc8
Bxc8 34. Ng5 Rxh2 35. Re1+ Kd7 36. Rd3+ Kc7 37. a3 Bf5 38. Rc3+ Kb7 39. Re7+
Kb8 40. Rcc7 Be3 41. Nf7 Bxf4 42. Rb7+ Ka8 43. Nd8 Be4 44. Rxe4 Rd2 45. Rxf4
Rxd8 46. Re7 Nh6 47. Rf6 1-0